000 00501nam a2200193Ia 4500
005 20250508152917.0
008 008 250505s9999 xx 000 0 eng d
037 _aTextual
040 _aFEDL
_beng
_cFEDL
041 _aeng
_2eng
084 _a370.2, RIE
_qFEDL
100 _aRiesman David
245 0 _aCulture and social character
260 _aGlencoe
_bGlencoe
_c1961
300 _axiii,466p
650 _aEducation
942 _cTEXL
_h370.2, RIE
999 _c1339562
_d1339562